00273nam a22000977a 4500008004100000082001500041100000900056245007500065260002700140300000800167230620b xxu||||| |||| 00| 0 eng d a324.6bSAD cSADC aSADC PARLIAMENTARY FORUMbElection Observation Mission Mozambique 1999 aMozambiquebSADCc1999 a56P